Roberto Mancini's Italy - Statistics

General Stats
  • This quiz has been taken 12 times
  • The average score is 47 of 91
Answer Stats
Rank Player Position Nationality Matches Goals Assists % Correct
15 Ciro Immobile Centre-Forward 24 9 6
100%
1 Gianluigi Donnarumma Goalkeeper 49 0 0
100%
19 Giorgio Chiellini Centre-Back 21 0 0
100%
3 Leonardo Bonucci Centre-Back 44 3 4
100%
22 Alessandro Bastoni Centre-Back 17 1 0
91%
5 Federico Chiesa Right Winger 40 5 6
91%
9 Francesco Acerbi Centre-Back 29 1 1
91%
6 Lorenzo Insigne Left Winger 31 6 8
91%
16 Manuel Locatelli Defensive Midfield 24 3 2
91%
2 Nicolò Barella Central Midfield 45 8 6
91%
42 Davide Frattesi Central Midfield 6 1 1
82%
14 Domenico Berardi Right Winger 25 6 2
82%
33 Federico Dimarco Left-Back 10 2 1
82%
4 Jorginho Defensive Midfield 43 5 2
82%
8 Marco Verratti Central Midfield 30 2 2
82%
28 Moise Kean Centre-Forward 12 4 0
82%
17 Alessandro Florenzi Right-Back 23 0 2
73%
10 Emerson Left-Back 29 0 3
73%
12 Giovanni Di Lorenzo Right-Back 28 3 1
73%
29 Salvatore Sirigu Goalkeeper 11 0 0
73%
24 Sandro Tonali Central Midfield 14 0 2
73%
43 Stephan El Shaarawy Left Winger 6 3 1
73%
37 Alessio Romagnoli Centre-Back 8 2 0
64%
56 Alex Meret Goalkeeper 3 0 0
64%
11 Andrea Belotti Centre-Forward 29 8 4
64%
7 Bryan Cristante Defensive Midfield 31 2 3
64%
70 Daniele Rugani Centre-Back 1 0 0
64%
41 Davide Calabria Right-Back 7 0 0
64%
13 Federico Bernardeschi Right Winger 26 5 5
64%
21 Giacomo Raspadori Second Striker 18 5 3
64%
31 Gianluca Scamacca Centre-Forward 11 0 0
64%
20 Leonardo Spinazzola Left-Back 19 0 3
64%
49 Mario Balotelli Centre-Forward 3 1 1
64%
50 Mateo Retegui Centre-Forward 3 2 0
64%
32 Matteo Politano Right Winger 10 3 1
64%
81 Mattia Zaccagni Left Winger 1 0 0
64%
86 Nicolò Fagioli Central Midfield 1 0 0
64%
46 Davide Zappacosta Right Midfield 4 0 0
55%
51 Fabio Quagliarella Centre-Forward 3 2 1
55%
59 Federico Gatti Centre-Back 2 0 0
55%
38 Giacomo Bonaventura Attacking Midfield 7 0 1
55%
34 Gianluca Mancini Centre-Back 9 0 0
55%
47 Giorgio Scalvini Centre-Back 4 0 0
55%
18 Lorenzo Pellegrini Attacking Midfield 23 5 1
55%
83 Luca Pellegrini Left-Back 1 0 0
55%
69 Mattia Perin Goalkeeper 1 0 0
55%
27 Nicolò Zaniolo Attacking Midfield 13 2 1
55%
84 Pietro Pellegri Centre-Forward 1 0 0
55%
66 Riccardo Orsolini Right Winger 2 2 3
55%
73 Alessandro Buongiorno Centre-Back 1 0 0
45%
75 Leonardo Pavoletti Centre-Forward 1 1 0
45%
79 Pierluigi Gollini Goalkeeper 1 0 0
45%
25 Rafael Tolói Centre-Back 14 0 1
45%
72 Rolando Mandragora Defensive Midfield 1 0 0
45%
85 Salvatore Esposito Defensive Midfield 1 0 0
45%
30 Wilfried Gnonto Right Winger 11 1 2
45%
82 Andrea Pinamonti Centre-Forward 1 0 0
36%
44 Danilo D'Ambrosio Centre-Back 5 0 0
36%
90 Fabio Miretti Central Midfield 1 0 0
36%
53 Manuel Lazzari Right Midfield 3 0 1
36%
23 Matteo Pessina Central Midfield 16 5 0
36%
39 Mattia De Sciglio Right-Back 7 0 0
36%
80 Pasquale Mazzocchi Right-Back 1 0 0
36%
52 Roberto Gagliardini Central Midfield 3 0 2
36%
67 Samuele Ricci Defensive Midfield 2 0 0
36%
62 Simone Zaza Centre-Forward 2 1 0
36%
35 Vincenzo Grifo Left Winger 9 4 3
36%
61 Alessio Cragno Goalkeeper 2 0 0
27%
54 Armando Izzo Centre-Back 3 0 0
27%
26 Cristiano Biraghi Left-Back 13 1 4
27%
45 Domenico Criscito Left-Back 4 0 0
27%
60 Francesco Caputo Centre-Forward 2 1 1
27%
48 Gaetano Castrovilli Central Midfield 4 0 2
27%
89 Matteo Cancellieri Right Winger 1 0 0
27%
64 Matteo Darmian Right-Back 2 0 0
27%
58 Mattia Caldara Centre-Back 2 0 0
27%
74 Stefano Okaka Centre-Forward 1 0 0
27%
36 Stefano Sensi Central Midfield 9 3 0
27%
87 Alessio Zerbin Left Winger 1 0 0
18%
55 Cristiano Piccini Centre-Back 3 0 0
18%
78 Gianluca Caprari Second Striker 1 0 0
18%
76 João Pedro Centre-Forward 1 0 0
18%
40 Kevin Lasagna Centre-Forward 7 0 2
18%
88 Luiz Felipe Centre-Back 1 0 0
18%
65 Manolo Gabbiadini Centre-Forward 2 0 0
18%
68 Roberto Soriano Attacking Midfield 1 0 0
18%
91 Simone Pafundi Attacking Midfield 1 0 0
18%
57 Tommaso Pobega Central Midfield 3 0 0
18%
77 Daniele Baselli Central Midfield 1 0 0
9%
71 Gian Marco Ferrari Centre-Back 1 1 0
9%
63 Simone Verdi Attacking Midfield 2 0 0
9%
No matching quizzes found
Score Distribution
Percent of People with Each Score
Percentile by Number Answered
Your Score History
You have not taken this quiz